Länder mit der höchsten Redefreiheit - Statistiken

Allgemein
  • Dieses Quiz wurde 24 mal gespielt
  • Das Durchschnittsergebnis liegt bei 11 aus 20
Antwortstatistiken
Index Land % Korrekt
98,0 Deutschland
100%
98,0 Österreich
96%
97,0 Schweiz
96%
96,0 Belgien
87%
97,0 Italien
83%
97,0 Südkorea
83%
97,0 Vereinigtes Königreich
78%
98,0 Dänemark
74%
97,0 Australien
70%
97,0 Finnland
70%
98,0 Neuseeland
70%
98,0 Irland
65%
97,0 Lettland
43%
98,0 Chile
22%
98,0 Mongolei
13%
97,0 Costa Rica
9%
97,0 Rumänien
9%
96,0 Barbados
0%
97,0 Jamaika
0%
97,0 Vanuatu
0%
Keine übereinstimmenden Quizze gefunden
Verteilung der Resultate
Anzahl Personen mit jedem Resultat
Perzentil nach korrekt beantworteten Fragen
Ihre Resultats-Entwicklung
Sie haben dieses Quiz noch nicht gespielt